000 00365nam a2200133Ia 4500
008 240624s9999 xx 000 0 und d
041 _aeng
082 _a333.9730911 BRU
100 _aBRUNER ROBERT F
245 _aPANIC OF 1907 LESSONS LEARNED FROM THE M
260 _c2007
_aNew Jersey
_bJohn Wiley and Sons
300 _axii, : 258 : p. : cm. ; 24
365 _c
_b28
999 _c7392
_d7392